Účtovníctvo podnikateľských subjektov : (schémy účtovania v štátnom podniku, akciovej spoločnosti a u súkromného podnikateľa) /

Salvato in:
Dettagli Bibliografici
Autore principale: Mázik, Ján (Autore)
Natura: Libro
Lingua:slovacco
Pubblicazione: Bratislava Rektorát Vysokej školy ekonomickej 1991
Tags: Aggiungi Tag
Nessun Tag, puoi essere il primo ad aggiungerne!!

MARC

LEADER 00000nam a22000003a 4500
001 0023843
003 SK-STU
005 20170512100931.2
007 ta
008 170512s ----xo-----e------000-0-----d
020 |z 80-225-0318-5 
040 |a STU  |b slo 
041 0 |a slo 
044 |a xo 
100 1 |a Mázik, Ján  |4 aut 
245 1 0 |a Účtovníctvo podnikateľských subjektov :  |b (schémy účtovania v štátnom podniku, akciovej spoločnosti a u súkromného podnikateľa) /  |c aut. Ján Mázik 
260 |a Bratislava  |b Rektorát Vysokej školy ekonomickej  |c 1991 
300 |a 187 s. 
996 |b 284M074307  |c M* S-1657-1  |l MMKN  |s A  |a 24  |w 0023843_0001